000 00705nam a2200217 i 4500
001 79463
003 ES-MaACL
005 20230906174000.0
007 t|
008 041021s1974 sp f c |||| | spa d
100 1 _aHernández Quero, José.
_963030
245 1 0 _aPinturas, dibujos y grabados
_b: Galería de exposiciones : Banco de Granada /
_cJosé Hernández Quero.
260 _aGranada :
_b[s.n.,
_c1974]
300 _a43 p., 6 lám. ;
_c22 cm.
600 1 4 _aHernández Quero, José-
_vExposiciones.
_963031
655 7 _2tgfbne
_9193628
_aCatálogos de exposiciones
710 2 _aBanco de Granada.
_92110
852 _aES-MaACL
_j2091-F-27
942 _2udc
999 _c79463
_d79463